00527nam a22001097a 4500008004100000020001500041082001600056100002200072245027200094260004200366300000900408230619b xxu||||| |||| 00| 0 eng d a0844401641 a016.97bORR cOliver H.Orr, Jr  aA guide of the study of the United States of AmericabRepresentative Books Reflecting the Development of American Life and ThoughtcPrepared under the direction of Roy P.Basler by oliver H.Orr,Jr and the staff of the bibiliography and reference Correspondence Section aWashingtonbLibrary of Congressc1976 a525p